Drsná tvár trhu s bytmi

Bytová kríza na Slovensku. Absencia ucelenej koncepcie v bytovej politike. Čierny bytový trh. Zneužívanie obecných bytov.

Gespeichert in:
Bibliographische Detailangaben
1. Verfasser: Bujačková, E.
Format: Buchkapitel
Sprache:Slowakisch
Schlagworte:
Tags: Tag hinzufügen
Keine Tags, Fügen Sie das erste Tag hinzu!

MARC

LEADER 00000naa a2200000 4500
001 r019442
005 20221205101808.7
041 0 |a slo 
044 |a SK 
245 1 0 |a Drsná tvár trhu s bytmi  |c E. Bujačková 
520 |a Bytová kríza na Slovensku. Absencia ucelenej koncepcie v bytovej politike. Čierny bytový trh. Zneužívanie obecných bytov. 
610 2 0 |a Slovensko 
610 2 0 |a 1991-1995 
610 2 0 |a hospodárstvo bytové 
610 2 0 |a byty 
610 2 0 |a politika bytová 
610 2 0 |a výstavba bytová 
610 2 0 |a trh bytový 
100 1 |a Bujačková, E.